Global economic prospects : Trade,regionalism, and development

Αποθηκεύτηκε σε:
Λεπτομέρειες βιβλιογραφικής εγγραφής
Συγγραφή απο Οργανισμό/Αρχή: The world bank
Μορφή: Βιβλίο
Γλώσσα:Undetermined
Έκδοση: NW Washington, DC 2005
Θέματα:
Ετικέτες: Προσθήκη ετικέτας
Δεν υπάρχουν, Καταχωρήστε ετικέτα πρώτοι!
Thư viện lưu trữ: Trung tâm Học liệu Trường Đại học Cần Thơ
LEADER 00509nam a2200193Ia 4500
001 CTU_68797
008 210402s9999 xx 000 0 und d
082 |a 382.9 
082 |b W927 
110 |a The world bank 
245 0 |a Global economic prospects : 
245 0 |b Trade,regionalism, and development 
245 4 |c The world bank 
260 |a NW 
260 |b Washington, DC 
260 |c 2005 
650 |a Trade agreement 
904 |i TUYEN 
980 |a Trung tâm Học liệu Trường Đại học Cần Thơ